000 00669cam a22002413a 4500
001 24569
003 PGUSA
005 20140828083527.0
008 080211s2008||||xxu|||||s|||||000 | eng d
040 _aPGUSA
_beng
042 _adc
050 4 _aGR
100 1 _aBayliss, Clara Kern,
_d1848-
245 1 2 _aA Treasury of Eskimo Tales
_h[electronic resource] /
_cClara Kern Bayliss
260 _bProject Gutenberg,
_c2008
506 _aPublic domain in the USA.
516 _aElectronic text
653 _aEskimos -- Folklore
700 1 _aCarlson, George
830 0 _aProject Gutenberg
_v24569
856 4 0 _uhttp://www.gutenberg.org/ebooks/24569
942 _cEB
999 _c253824
_d253824